000 003530000a22001090004500
090 _aAS
_bSeriadas
245 1 0 _aRapaces en la naturaleza y en la historia
041 0 _aEspaƱol
100 1 _aTorres Barreto, Alvaro
_999199
942 _cARTICULO
773 1 _tRevista de la Academia Colombiana de Ciencias Exactas, Fisicas y Naturales
_332
_h68
_q7-14
_d1991
_g18
999 _c14313
_d14313